| 000 | 00644nam a2200205Ia 4500 | ||
|---|---|---|---|
| 003 | GCL | ||
| 005 | 20240530104209.0 | ||
| 008 | 140319s9999 xx 000 0 ara d | ||
| 040 |
_aGCL / _cGCL |
||
| 082 | 0 | 4 |
_a301.32 _bب س |
| 100 | 1 | _aبراون، ليستر. ر. | |
| 245 | 1 | 0 |
_aالسكان وكوكب الارض : تقييم طاقة الارض على استيعاب السكان / _cبراون، ليستر. ر. |
| 300 | _a262 ص | ||
| 650 | 0 | 4 | _aالسكان |
| 650 | 0 | 4 | _aالسكان - علم |
| 650 | 0 | 4 | _aالامن الغذائى |
| 700 | 1 | _aكين, هال | |
| 700 | 1 | _aليلى زيدان (ترجمة) | |
| 942 |
_2ddc _cBK |
||
| 999 |
_c45418 _d45418 |
||